| 000 | 00557nam a2200217Ia 4500 | ||
|---|---|---|---|
| 003 | OSt | ||
| 005 | 20220928144700.0 | ||
| 006 | a|||||r|||| 00| 0 | ||
| 007 | ta | ||
| 008 | 220927b |||||||| |||| 00| 0 eng d | ||
| 024 | _a73043 | ||
| 037 | _cTextual | ||
| 040 |
_aSDCL _cSDCL _beng |
||
| 041 |
_2eng _aeng |
||
| 082 | _aWv5'C, J8 | ||
| 100 |
_aDasgupta Ramprasad _9509092 |
||
| 245 | 0 | _aStudy in Hindu and European political systems. | |
| 260 | _c1958 | ||
| 942 |
_hWv5'C, J8 _cTEXL _2CC |
||
| 999 |
_c828950 _d828950 |
||